Cyber business : mindsets for a wired age.
| Main Author: | |
|---|---|
| Format: | Book |
| Published: |
Chichester:
John Wiley,
1995.
|
| Subjects: |
| LEADER | 00482cam a2200169 7i4500 | ||
|---|---|---|---|
| 001 | 0000004130 | ||
| 005 | 19991025090000.0 | ||
| 002 | ##000005580 | ||
| 020 | 0 | 0 | |a 0-471-95605-8 |
| 090 | 0 | 0 | |a B 658.4038 |b BAR |
| 100 | 1 | 0 | |a Barnatt |
| 245 | 0 | 0 | |a Cyber business : |b mindsets for a wired age. |
| 260 | 0 | 0 | |a Chichester: |b John Wiley, |c 1995. |
| 300 | 0 | 0 | |a 244 p.. |
| 650 | 0 | 0 | |a Business -- |x Communication systems |
| 650 | 0 | 0 | |a Cybernetics |
| 999 | |a 0000006839 |b Book |c Open shelf |e Business Information Centre | ||


